|
|
|
|
| LEADER |
00947nam a2200301 a 4500 |
| 001 |
000354905 |
| 003 |
CZ BrMZK |
| 005 |
20210312102128.0 |
| 007 |
ta |
| 008 |
920101s1998 xr e f 0 cze d |
| 015 |
|
|
|a cnb000365129
|
| 020 |
|
|
|a 80-902300-2-4
|
| 035 |
|
|
|a (OCoLC)42820370
|
| 040 |
|
|
|a BOA001
|b cze
|
| 072 |
|
7 |
|a 641
|x Kuchařství. Potraviny. Vařená jídla
|2 Konspekt
|9 19
|
| 080 |
|
|
|a 641.55
|2 MRF
|
| 080 |
|
|
|a (083.12)
|2 MRF
|
| 100 |
1 |
|
|a Vlachová, Libuše
|7 jk01150037
|4 aut
|
| 245 |
1 |
0 |
|a Praktická kuchařka /
|c Libuše Vlachová ; [foto Vladimír Simer a Jiří Stach]
|
| 250 |
|
|
|a Vyd. 3.
|
| 260 |
|
|
|a Praha :
|b Svoboda,
|c 1998
|
| 300 |
|
|
|a 399 s. :
|b barev. il. ;
|c 29 cm
|
| 650 |
0 |
7 |
|a jídla
|7 ph114847
|2 czenas
|
| 655 |
|
7 |
|a kuchařské recepty
|7 fd132687
|2 czenas
|
| 700 |
1 |
|
|a Simer, Vladimír,
|d 1944-
|7 jo20000082713
|4 pht
|
| 700 |
1 |
|
|a Stach, Jiří,
|d 1944-
|7 jo20000082716
|4 pht
|
| 910 |
|
|
|a BOA001
|b 4-1049.671
|
| 990 |
|
|
|a BK
|